Quiz do Lesoto - Statistics

Estatísticas Gerais
  • Esse quiz foi jogado 497 vezes
  • A pontuação média é 7 de 15
Estatísticas das Respostas
Dica Resposta % Correto
Único país que faz fronteira com o Lesoto África do Sul
95%
Línguas oficiais Inglês
91%
País que colonizou o Lesoto Reino Unido
80%
25% dos adultos no Lesoto são positivos para este vírus, o segundo maior de qualquer país VIH/AIDS
80%
Capital do Lesoto Maseru
59%
O Lesoto, Essuatíni, e Marrocos são os únicos países africanos que são ... Monarquias
47%
Objeto que aparece na bandeira do Lesoto {Chapéu} de palha
45%
Lesoto é o lugar de uma das duas estações de ___ no sul Africano Esqui
38%
Mamífero ameaçado de extinção que é o animal nacional do Lesoto {Rinoceronte}-negro
35%
Línguas oficiais Sesoto
35%
Nomeie uma das duas moedas usadas no Lesoto Loti | Rand
33%
Rio mais longo que atravessa o Lesoto Rio Orange
32%
Nome colonial do Lesoto {Basuto}lândia
25%
A parte leste do Lesoto é coberta por esta cordilheira {Drakens}berg
23%
As pessoas que habitavam o Lesoto antes do século XVI Sãs
17%
Nenhum quiz correspondente encontrado
Distribuição das Pontuações
Porcentagem de Pessoas com Cada Pontuação
Percentil de Números Respondidos
Sua Pontuação Histórica
Você não jogou esse quiz